000 00408nam a2200169Ia 4500
008 230524s9999 xx 000 0 und d
020 _a9788131755921
082 _a621.3821
_bRAM
100 _aN.V. Ramana
_942826
245 0 _aPower System Analysis
250 _a1
260 _aNew Delhi
_bPearson
_c2011
300 _a"X,441p;"
500 _aQuantity Number: 1
650 _aElectrical
942 _cBK
999 _c57796
_d57796